000 00982nam a22002777a 4500
005 20100610121354.0
008 100610t xxu||||| |||| 00| 0 eng d
010 _aENG-96325
020 _a9789380283579
_c200.00
035 _aEN-79858
037 _bDBAD/PUB
040 _aDPL
_bEng
082 _a649.122
100 _aBurford, Vicky
_921805
245 _aThe greatest baby and toddler :
_btips in the world /
_cby Vicky Burford illustrated by Peter Bellingham
260 _aNew Delhi
_bWestland
_c2009
270 _aF-5, Okhla Industrial Area, Phase-I, Mezzanine Floor,
_bNew Delhi
_e110020
300 _a154p.
_c22 cm. (Pbk)
650 _aChild rearing
_921806
650 _aInfants - Care
_921807
650 _aToddler - care
_921808
650 _aInfants
_921809
650 _aTooddler
_921810
942 _2ddc
_cEN
_mBUR
_h649.122
999 _c36680
_d36680